James Bond Short Stories - Statistics

General Stats
  • This quiz has been taken 7 times
  • The average score is 5 of 15
Answer Stats
Hint Answer % Correct
What is the name of Fleming’s first short story collection, originally published in 1960? For Your Eyes Only
100%
The short story ‘The Living Daylights’ takes place in which city? Berlin
43%
The Property of a Lady takes place in which European city? London
43%
The death of mountain guide Hannes Oberhauser is related, in flashback, in which story? Octopussy
43%
Aristotle Kristatos and Enrico Colombo feature in which short story? Risico
43%
Which short story was first published in The Ivory Hammer, the annual journal of Sotherby’s Auction House? The Property of a Lady
43%
Quantum of Solace involves a story told to Bond after dinner at Government House, in which country? Bahamas
29%
What does the ‘E’ stand for in the acronym SHAPE, in ‘From A View To A Kill’? Europe (SHAPE = Supreme Headquarters Allied Powers Europe)
29%
The Hildebrand Rarity, in the short story of the same name, is a type of...what? Fish
29%
The short story ‘007 in New York’ features a recipe for which dish? scrambled eggs
29%
How is Herr von Hammerstein killed in ‘For Your Eyes Only’? Shot by a bow and arrow
29%
What is the name of the daughter of Colonel and Mrs Havelock? Judy Havelock
14%
What is the name of the agent who assists Bond in ‘From A View To A Kill’? Mary Ann Russell
14%
What name does Milton Krest give to the stingray tail he uses to beat his wife? ‘The Corrector’
14%
What is the code name of the KGB sniper Bond is assigned to kill in ‘The Living Daylights’? Trigger
14%
No matching quizzes found
Score Distribution
Percent of People with Each Score
Percentile by Number Answered
Your Score History
You have not taken this quiz